[Event "Irena Warakomska Memorial B"]
[Site "Suwalki"]
[Date "2018.08.08"]
[Round "9"]
[White "Gawronski, Miroslaw"]
[Black "Milanowski, Jan"]
[Result "1-0"]
[Board "12"]
[WhiteElo "2058"]
[WhiteCountry "POL"]
[WhiteFideId "1106180"]
[WhiteEloChange "3"]
[BlackElo "1784"]
[BlackCountry "POL"]
[BlackFideId "1109758"]
[BlackEloChange "-3"]

1. d4 {[%clk 1:30:30]} c5 {[%clk 1:30:30]} 2. dxc5 {[%clk 1:30:30]} Qa5+ {[%clk
1:30:30]} 3. Nd2 {[%clk 1:30:30]} Qxc5 {[%clk 1:30:30]} 4. c4 {[%clk 1:30:30]} d6
{[%clk 1:30:30]} 5. Ngf3 {[%clk 1:30:30]} g6 {[%clk 1:30:30]} 6. a3 {[%clk
1:30:30]} Bg7 {[%clk 1:30:30]} 7. b4 {[%clk 1:30:30]} Qc7 {[%clk 1:30:30]} 8. Rb1
{[%clk 1:30:30]} Nc6 {[%clk 1:30:30]} 9. h3 {[%clk 1:30:30]} Be6 {[%clk 1:30:30]}
10. Qb3 {[%clk 1:30:30]} h6 {[%clk 1:30:30]} 11. e4 {[%clk 1:30:30]} Rc8 {[%clk
1:30:30]} 12. Be2 {[%clk 1:30:30]} Nf6 {[%clk 1:30:30]} 13. O-O {[%clk 1:30:30]}
Nd7 {[%clk 1:30:30]} 14. Bb2 {[%clk 1:30:30]} O-O {[%clk 1:30:30]} 15. Rbc1
{[%clk 1:30:30]} b6 {[%clk 1:30:30]} 16. Bxg7 {[%clk 1:30:30]} Kxg7 {[%clk
1:30:30]} 17. Qc3+ {[%clk 1:30:30]} Kh7 {[%clk 1:30:30]} 18. Nb3 {[%clk 1:30:30]}
Nde5 {[%clk 1:30:30]} 19. Nfd4 {[%clk 1:30:30]} Nxd4 {[%clk 1:30:30]} 20. Nxd4
{[%clk 1:30:30]} Bxc4 {[%clk 1:30:30]} 21. f4 {[%clk 1:30:30]} Qb7 {[%clk
1:30:30]} 22. Bxc4 {[%clk 1:30:30]} Nxc4 {[%clk 1:30:30]} 23. Qd3 {[%clk
1:30:30]} d5 {[%clk 1:30:30]} 24. e5 {[%clk 1:30:30]} e6 {[%clk 1:30:30]} 25. g4
{[%clk 1:30:30]} Qe7 {[%clk 1:30:30]} 26. Rce1 {[%clk 1:30:30]} Qh4 {[%clk
1:30:30]} 27. Kh2 {[%clk 1:30:30]} Qe7 {[%clk 1:30:30]} 28. f5 {[%clk 1:30:30]}
a6 {[%clk 1:30:30]} 29. Re2 {[%clk 1:30:30]} b5 {[%clk 1:30:30]} 30. Qg3 {[%clk
1:30:30]} Rce8 {[%clk 1:30:30]} 31. f6 {[%clk 1:30:30]} Qc7 {[%clk 1:30:30]} 32.
Nf3 {[%clk 1:30:30]} Nxa3 {[%clk 1:30:30]} 33. Qh4 {[%clk 1:30:30]} Rh8 {[%clk
1:30:30]} 34. Ra1 {[%clk 1:30:30]} Qc3 {[%clk 1:30:30]} 35. Rf1 {[%clk 1:30:30]}
Nc4 {[%clk 1:30:30]} 36. Qf2 {[%clk 1:30:30]} Qxb4 {[%clk 1:30:30]} 37. Qa7
{[%clk 1:30:30]} Rhf8 {[%clk 1:30:30]} 38. Qxa6 {[%clk 1:30:30]} Qc5 {[%clk
1:30:30]} 39. Qa1 {[%clk 1:30:30]} Ra8 {[%clk 1:30:30]} 40. Qe1 {[%clk 1:30:30]}
b4 {[%clk 1:30:30]} 41. Qh4 {[%clk 1:30:30]} Rh8 {[%clk 1:30:30]} 42. Ng5+ {[%clk
1:30:30]} Kg8 {[%clk 1:30:30]} 43. Nxe6 {[%clk 1:30:30]} Qb6 {[%clk 1:30:30]} 44.
Ng7 {[%clk 1:30:30]} b3 {[%clk 1:30:30]} 45. e6 {[%clk 1:30:30]} Nd6 {[%clk
1:30:30]} 46. exf7+ {[%clk 1:30:30]} Nxf7 {[%clk 1:30:30]} 47. Qe1 {[%clk
1:30:30]} b2 {[%clk 1:30:30]} 48. Qb1 {[%clk 1:30:30]} Ra3 {[%clk 1:30:30]} 49.
Nf5 {[%clk 1:30:30]} Qa6 {[%clk 1:30:30]} 50. Ne7+ {[%clk 1:30:30]} Kf8 {[%clk
1:30:30]} 51. Nxg6+ {[%clk 1:30:30]} Kg8 {[%clk 1:30:30]} 52. Re8+ {[%clk
1:30:30]} Kh7 {[%clk 1:30:30]} 53. Nf8+ {[%clk 1:30:30]} 1-0

[Event "Irena Warakomska Memorial B"]
[Site "Suwalki"]
[Date "2018.08.08"]
[Round "9"]
[White "Zianowicz, Dominik"]
[Black "Rudzinska, Michalina"]
[Result "0-1"]
[Board "13"]
[WhiteElo "1919"]
[WhiteCountry "POL"]
[WhiteFideId "21825645"]
[WhiteEloChange "-5"]
[BlackElo "2111"]
[BlackCountry "POL"]
[BlackFideId "1172883"]
[BlackEloChange "5"]

1. d4 {[%clk 1:30:30]} Nf6 {[%clk 1:30:30]} 2. Nf3 {[%clk 1:30:30]} c5 {[%clk
1:30:30]} 3. d5 {[%clk 1:30:30]} d6 {[%clk 1:30:30]} 4. c4 {[%clk 1:30:30]} e5
{[%clk 1:30:30]} 5. Nc3 {[%clk 1:30:30]} Be7 {[%clk 1:30:30]} 6. e4 {[%clk
1:30:30]} O-O {[%clk 1:30:30]} 7. Bd3 {[%clk 1:30:30]} Ne8 {[%clk 1:30:30]} 8.
Qc2 {[%clk 1:30:30]} g6 {[%clk 1:30:30]} 9. Bh6 {[%clk 1:30:30]} Ng7 {[%clk
1:30:30]} 10. O-O-O {[%clk 1:30:30]} Bg4 {[%clk 1:30:30]} 11. Rdg1 {[%clk
1:30:30]} a6 {[%clk 1:30:30]} 12. h3 {[%clk 1:30:30]} Bxf3 {[%clk 1:30:30]} 13.
gxf3 {[%clk 1:30:30]} b5 {[%clk 1:30:30]} 14. Qd2 {[%clk 1:30:30]} Qa5 {[%clk
1:30:30]} 15. h4 {[%clk 1:30:30]} bxc4 {[%clk 1:30:30]} 16. Bxc4 {[%clk 1:30:30]}
Nh5 {[%clk 1:30:30]} 17. Bxf8 {[%clk 1:30:30]} Bxf8 {[%clk 1:30:30]} 18. Ne2
{[%clk 1:30:30]} Qa4 {[%clk 1:30:30]} 19. Bb3 {[%clk 1:30:30]} Qb5 {[%clk
1:30:30]} 20. Nc3 {[%clk 1:30:30]} Qb4 {[%clk 1:30:30]} 21. Qg5 {[%clk 1:30:30]}
Nf4 {[%clk 1:30:30]} 22. h5 {[%clk 1:30:30]} Ra7 {[%clk 1:30:30]} 23. Kc2 {[%clk
1:30:30]} Rb7 {[%clk 1:30:30]} 24. Rb1 {[%clk 1:30:30]} Qd4 {[%clk 1:30:30]} 25.
Rh2 {[%clk 1:30:30]} Qd3+ {[%clk 1:30:30]} 26. Kc1 {[%clk 1:30:30]} Rb4 {[%clk
1:30:30]} 27. hxg6 {[%clk 1:30:30]} fxg6 {[%clk 1:30:30]} 28. Bc2 {[%clk
1:30:30]} Qf1+ {[%clk 1:30:30]} 29. Nd1 {[%clk 1:30:30]} Ne2+ {[%clk 1:30:30]}
30. Kd2 {[%clk 1:30:30]} Rd4+ {[%clk 1:30:30]} 31. Ke3 {[%clk 1:30:30]} Qe1
{[%clk 1:30:30]} 32. f4 {[%clk 1:30:30]} Ng1# {[%clk 1:30:30]} 0-1

[Event "Irena Warakomska Memorial B"]
[Site "Suwalki"]
[Date "2018.08.08"]
[Round "9"]
[White "Czarniecka, Aleksandra"]
[Black "Haliniak, Wojciech"]
[Result "0-1"]
[Board "14"]
[WhiteElo "1983"]
[WhiteCountry "POL"]
[WhiteFideId "1194933"]
[WhiteEloChange "-17"]
[BlackElo "1679"]
[BlackCountry "POL"]
[BlackFideId "21838461"]
[BlackEloChange "17"]

1. e4 {[%clk 1:30:30]} Nf6 {[%clk 1:30:30]} 2. Nc3 {[%clk 1:30:30]} e5 {[%clk
1:30:30]} 3. Nf3 {[%clk 1:30:30]} Nc6 {[%clk 1:30:30]} 4. Bb5 {[%clk 1:30:30]}
Nd4 {[%clk 1:30:30]} 5. Bc4 {[%clk 1:30:30]} d6 {[%clk 1:30:30]} 6. h3 {[%clk
1:30:30]} Be7 {[%clk 1:30:30]} 7. d3 {[%clk 1:30:30]} Be6 {[%clk 1:30:30]} 8. Be3
{[%clk 1:30:30]} Nxf3+ {[%clk 1:30:30]} 9. Qxf3 {[%clk 1:30:30]} c6 {[%clk
1:30:30]} 10. a4 {[%clk 1:30:30]} Qa5 {[%clk 1:30:30]} 11. Bg5 {[%clk 1:30:30]}
Nxe4 {[%clk 1:30:30]} 12. Qxe4 {[%clk 1:30:30]} Bxg5 {[%clk 1:30:30]} 13. Bxe6
{[%clk 1:30:30]} fxe6 {[%clk 1:30:30]} 14. Qg4 {[%clk 1:30:30]} Be7 {[%clk
1:30:30]} 15. Qxg7 {[%clk 1:30:30]} Kd7 {[%clk 1:30:30]} 16. O-O {[%clk 1:30:30]}
Rag8 {[%clk 1:30:30]} 17. Qf7 {[%clk 1:30:30]} Rf8 {[%clk 1:30:30]} 18. Qh5
{[%clk 1:30:30]} Rf5 {[%clk 1:30:30]} 19. Qe2 {[%clk 1:30:30]} Rg8 {[%clk
1:30:30]} 20. b4 {[%clk 1:30:30]} Qxb4 {[%clk 1:30:30]} 21. Ne4 {[%clk 1:30:30]}
Qa5 {[%clk 1:30:30]} 22. Rfb1 {[%clk 1:30:30]} Kc7 {[%clk 1:30:30]} 23. c4 {[%clk
1:30:30]} d5 {[%clk 1:30:30]} 24. cxd5 {[%clk 1:30:30]} exd5 {[%clk 1:30:30]} 25.
Ng3 {[%clk 1:30:30]} Rfg5 {[%clk 1:30:30]} 26. h4 {[%clk 1:30:30]} R5g6 {[%clk
1:30:30]} 27. Qxe5+ {[%clk 1:30:30]} Bd6 {[%clk 1:30:30]} 28. Qf5 {[%clk
1:30:30]} R6g7 {[%clk 1:30:30]} 29. Ra2 {[%clk 1:30:30]} Rf8 {[%clk 1:30:30]} 30.
Qe6 {[%clk 1:30:30]} Bxg3 {[%clk 1:30:30]} 31. fxg3 {[%clk 1:30:30]} Qc3 {[%clk
1:30:30]} 32. Qh6 {[%clk 1:30:30]} Qd4+ {[%clk 1:30:30]} 33. Kh2 {[%clk 1:30:30]}
Qe5 {[%clk 1:30:30]} 34. Rab2 {[%clk 1:30:30]} Qxg3+ {[%clk 1:30:30]} 35. Kh1
{[%clk 1:30:30]} b6 {[%clk 1:30:30]} 36. Rc2 {[%clk 1:30:30]} Qg6 {[%clk
1:30:30]} 37. Rxc6+ {[%clk 1:30:30]} Kxc6 {[%clk 1:30:30]} 38. Rc1+ {[%clk
1:30:30]} Kd7 {[%clk 1:30:30]} 39. Qd2 {[%clk 1:30:30]} Qg3 {[%clk 1:30:30]} 40.
Qc2 {[%clk 1:30:30]} Qxh4+ {[%clk 1:30:30]} 41. Kg1 {[%clk 1:30:30]} Qd4+ {[%clk
1:30:30]} 42. Kh1 {[%clk 1:30:30]} Rgf7 {[%clk 1:30:30]} 43. Qc6+ {[%clk
1:30:30]} Ke7 {[%clk 1:30:30]} 44. Re1+ {[%clk 1:30:30]} Kd8 {[%clk 1:30:30]} 45.
Qd6+ {[%clk 1:30:30]} Kc8 {[%clk 1:30:30]} 46. Rc1+ {[%clk 1:30:30]} Kb7 {[%clk
1:30:30]} 47. Qc6+ {[%clk 1:30:30]} Kb8 {[%clk 1:30:30]} 48. Qd6+ {[%clk
1:30:30]} Ka8 {[%clk 1:30:30]} 49. Qc6+ {[%clk 1:30:30]} Rb7 {[%clk 1:30:30]} 50.
a5 {[%clk 1:30:30]} Rf6 {[%clk 1:30:30]} 51. Qc8+ {[%clk 1:30:30]} Rb8 {[%clk
1:30:30]} 52. Qh3 {[%clk 1:30:30]} Qf4 {[%clk 1:30:30]} 0-1

[Event "Irena Warakomska Memorial B"]
[Site "Suwalki"]
[Date "2018.08.08"]
[Round "9"]
[White "Szalko, Maciej"]
[Black "Zurkowski, Andrzej"]
[Result "0-1"]
[Board "15"]
[WhiteElo "1857"]
[WhiteCountry "POL"]
[WhiteFideId "1145614"]
[WhiteEloChange "-4"]
[BlackElo "2089"]
[BlackCountry "POL"]
[BlackFideId "1131303"]
[BlackEloChange "4"]

1. d4 {[%clk 1:30:30]} Nf6 {[%clk 1:30:30]} 2. Nf3 {[%clk 1:30:30]} e6 {[%clk
1:30:30]} 3. g3 {[%clk 1:30:30]} b6 {[%clk 1:30:30]} 4. Bg2 {[%clk 1:30:30]} Bb7
{[%clk 1:30:30]} 5. O-O {[%clk 1:30:30]} Be7 {[%clk 1:30:30]} 6. c4 {[%clk
1:30:30]} O-O {[%clk 1:30:30]} 7. Nbd2 {[%clk 1:30:30]} d6 {[%clk 1:30:30]} 8.
Qc2 {[%clk 1:30:30]} Nbd7 {[%clk 1:30:30]} 9. b3 {[%clk 1:30:30]} c5 {[%clk
1:30:30]} 10. Bb2 {[%clk 1:30:30]} Qc7 {[%clk 1:30:30]} 11. Rac1 {[%clk 1:30:30]}
Rac8 {[%clk 1:30:30]} 12. Rfd1 {[%clk 1:30:30]} Rfd8 {[%clk 1:30:30]} 13. e4
{[%clk 1:30:30]} cxd4 {[%clk 1:30:30]} 14. Nxd4 {[%clk 1:30:30]} d5 {[%clk
1:30:30]} 15. exd5 {[%clk 1:30:30]} exd5 {[%clk 1:30:30]} 16. Qf5 {[%clk
1:30:30]} dxc4 {[%clk 1:30:30]} 17. Nxc4 {[%clk 1:30:30]} Bxg2 {[%clk 1:30:30]}
18. Kxg2 {[%clk 1:30:30]} Qb7+ {[%clk 1:30:30]} 19. Kg1 {[%clk 1:30:30]} Nc5
{[%clk 1:30:30]} 20. Qf3 {[%clk 1:30:30]} Rxd4 {[%clk 1:30:30]} 21. Qe3 {[%clk
1:30:30]} Re4 {[%clk 1:30:30]} 22. Qg5 {[%clk 1:30:30]} Ne6 {[%clk 1:30:30]} 23.
Qf5 {[%clk 1:30:30]} Rc5 {[%clk 1:30:30]} 24. Qh3 {[%clk 1:30:30]} Re2 {[%clk
1:30:30]} 25. Bxf6 {[%clk 1:30:30]} Bxf6 {[%clk 1:30:30]} 26. b4 {[%clk 1:30:30]}
Rd5 {[%clk 1:30:30]} 27. Qg4 {[%clk 1:30:30]} Rxd1+ {[%clk 1:30:30]} 28. Rxd1
{[%clk 1:30:30]} Re4 {[%clk 1:30:30]} 29. Nd6 {[%clk 1:30:30]} Rxg4 {[%clk
1:30:30]} 0-1

[Event "Irena Warakomska Memorial B"]
[Site "Suwalki"]
[Date "2018.08.08"]
[Round "9"]
[White "Wloch, Mikolaj"]
[Black "Widla, Piotr"]
[Result "1/2-1/2"]
[Board "16"]
[WhiteElo "1738"]
[WhiteCountry "POL"]
[WhiteFideId "1194380"]
[WhiteEloChange "8"]
[BlackElo "2100"]
[BlackCountry "POL"]
[BlackFideId "1132164"]
[BlackEloChange "-8"]

1. e4 {[%clk 1:30:30]} c5 {[%clk 1:30:30]} 2. Nf3 {[%clk 1:30:30]} e6 {[%clk
1:30:30]} 3. d4 {[%clk 1:30:30]} cxd4 {[%clk 1:30:30]} 4. Nxd4 {[%clk 1:30:30]}
a6 {[%clk 1:30:30]} 5. Nc3 {[%clk 1:30:30]} d6 {[%clk 1:30:30]} 6. Be2 {[%clk
1:30:30]} Nf6 {[%clk 1:30:30]} 7. O-O {[%clk 1:30:30]} Be7 {[%clk 1:30:30]} 8.
Be3 {[%clk 1:30:30]} b5 {[%clk 1:30:30]} 9. a3 {[%clk 1:30:30]} Bb7 {[%clk
1:30:30]} 10. Bd3 {[%clk 1:30:30]} O-O {[%clk 1:30:30]} 11. f4 {[%clk 1:30:30]}
Nbd7 {[%clk 1:30:30]} 12. Nb3 {[%clk 1:30:30]} Rc8 {[%clk 1:30:30]} 13. g4 {[%clk
1:30:30]} d5 {[%clk 1:30:30]} 14. e5 {[%clk 1:30:30]} Ne4 {[%clk 1:30:30]} 15.
Bxe4 {[%clk 1:30:30]} dxe4 {[%clk 1:30:30]} 16. Qe2 {[%clk 1:30:30]} Qc7 {[%clk
1:30:30]} 17. Rad1 {[%clk 1:30:30]} Nb6 {[%clk 1:30:30]} 18. Nd2 {[%clk 1:30:30]}
Nd5 {[%clk 1:30:30]} 19. Nxd5 {[%clk 1:30:30]} Bxd5 {[%clk 1:30:30]} 20. c3
{[%clk 1:30:30]} Rfd8 {[%clk 1:30:30]} 21. Qf2 {[%clk 1:30:30]} a5 {[%clk
1:30:30]} 22. Bb6 {[%clk 1:30:30]} Qb7 {[%clk 1:30:30]} 23. Bd4 {[%clk 1:30:30]}
b4 {[%clk 1:30:30]} 24. axb4 {[%clk 1:30:30]} axb4 {[%clk 1:30:30]} 25. Ra1
{[%clk 1:30:30]} bxc3 {[%clk 1:30:30]} 26. bxc3 {[%clk 1:30:30]} Ra8 {[%clk
1:30:30]} 27. Qe3 {[%clk 1:30:30]} Rxa1 {[%clk 1:30:30]} 28. Rxa1 {[%clk
1:30:30]} Ra8 {[%clk 1:30:30]} 29. Rb1 {[%clk 1:30:30]} Qa6 {[%clk 1:30:30]} 30.
Nxe4 {[%clk 1:30:30]} Qa2 {[%clk 1:30:30]} 31. Nd2 {[%clk 1:30:30]} Qc2 {[%clk
1:30:30]} 32. Qe1 {[%clk 1:30:30]} h6 {[%clk 1:30:30]} 33. Rc1 {[%clk 1:30:30]}
Qd3 {[%clk 1:30:30]} 34. Qe3 {[%clk 1:30:30]} Qg6 {[%clk 1:30:30]} 35. h3 {[%clk
1:30:30]} Ra2 {[%clk 1:30:30]} 36. c4 {[%clk 1:30:30]} Bc6 {[%clk 1:30:30]} 37.
Ra1 {[%clk 1:30:30]} Rc2 {[%clk 1:30:30]} 38. Rb1 {[%clk 1:30:30]} Rxd2 {[%clk
1:30:30]} 39. Rb8+ {[%clk 1:30:30]} Kh7 {[%clk 1:30:30]} 40. Qxd2 {[%clk
1:30:30]} Qe4 {[%clk 1:30:30]} 41. Kf1 {[%clk 1:30:30]} Qh1+ {[%clk 1:30:30]} 42.
Ke2 {[%clk 1:30:30]} Qxh3 {[%clk 1:30:30]} 43. Ke1 {[%clk 1:30:30]} Qh1+ {[%clk
1:30:30]} 44. Ke2 {[%clk 1:30:30]} Qf3+ {[%clk 1:30:30]} 45. Ke1 {[%clk 1:30:30]}
Bh4+ {[%clk 1:30:30]} 46. Bf2 {[%clk 1:30:30]} Qh1+ {[%clk 1:30:30]} 47. Ke2
{[%clk 1:30:30]} Qf3+ {[%clk 1:30:30]} 48. Ke1 {[%clk 1:30:30]} Qh1+ {[%clk
1:30:30]} 49. Ke2 {[%clk 1:30:30]} Qf3+ {[%clk 1:30:30]} 50. Ke1 {[%clk 1:30:30]}
Qh1+ {[%clk 1:30:30]} 51. Ke2 {[%clk 1:30:30]} 1/2-1/2

[Event "Irena Warakomska Memorial B"]
[Site "Suwalki"]
[Date "2018.08.08"]
[Round "9"]
[White "Szczotka, Klara"]
[Black "Grabowski, Adam"]
[Result "0-1"]
[Board "17"]
[WhiteElo "1483"]
[WhiteCountry "POL"]
[WhiteFideId "21858845"]
[WhiteEloChange "-2"]
[BlackElo "2066"]
[BlackCountry "POL"]
[BlackFideId "1142143"]
[BlackEloChange "2"]

1. e4 {[%clk 1:30:30]} c6 {[%clk 1:30:30]} 2. d4 {[%clk 1:30:30]} d5 {[%clk
1:30:30]} 3. Nd2 {[%clk 1:30:30]} dxe4 {[%clk 1:30:30]} 4. Nxe4 {[%clk 1:30:30]}
Nf6 {[%clk 1:30:30]} 5. Nxf6+ {[%clk 1:30:30]} gxf6 {[%clk 1:30:30]} 6. c3 {[%clk
1:30:30]} Bf5 {[%clk 1:30:30]} 7. Nf3 {[%clk 1:30:30]} e6 {[%clk 1:30:30]} 8. g3
{[%clk 1:30:30]} Bd6 {[%clk 1:30:30]} 9. Bg2 {[%clk 1:30:30]} Bg4 {[%clk
1:30:30]} 10. h3 {[%clk 1:30:30]} Bh5 {[%clk 1:30:30]} 11. Qb3 {[%clk 1:30:30]}
Qc7 {[%clk 1:30:30]} 12. g4 {[%clk 1:30:30]} Bg6 {[%clk 1:30:30]} 13. Nh4 {[%clk
1:30:30]} Nd7 {[%clk 1:30:30]} 14. Bd2 {[%clk 1:30:30]} O-O-O {[%clk 1:30:30]}
15. O-O-O {[%clk 1:30:30]} Nb6 {[%clk 1:30:30]} 16. c4 {[%clk 1:30:30]} Bf4
{[%clk 1:30:30]} 17. Be3 {[%clk 1:30:30]} Rhe8 {[%clk 1:30:30]} 18. Nxg6 {[%clk
1:30:30]} hxg6 {[%clk 1:30:30]} 19. Kb1 {[%clk 1:30:30]} g5 {[%clk 1:30:30]} 20.
Rhe1 {[%clk 1:30:30]} Kb8 {[%clk 1:30:30]} 21. a4 {[%clk 1:30:30]} Nc8 {[%clk
1:30:30]} 22. Qc2 {[%clk 1:30:30]} Ne7 {[%clk 1:30:30]} 23. Be4 {[%clk 1:30:30]}
Rh8 {[%clk 1:30:30]} 24. Bxf4 {[%clk 1:30:30]} Qxf4 {[%clk 1:30:30]} 25. Re3
{[%clk 1:30:30]} f5 {[%clk 1:30:30]} 26. gxf5 {[%clk 1:30:30]} exf5 {[%clk
1:30:30]} 27. Bg2 {[%clk 1:30:30]} Rd7 {[%clk 1:30:30]} 28. d5 {[%clk 1:30:30]}
cxd5 {[%clk 1:30:30]} 29. Bxd5 {[%clk 1:30:30]} Rhd8 {[%clk 1:30:30]} 30. Red3
{[%clk 1:30:30]} Nxd5 {[%clk 1:30:30]} 31. cxd5 {[%clk 1:30:30]} Rc8 {[%clk
1:30:30]} 32. Rc3 {[%clk 1:30:30]} Rxc3 {[%clk 1:30:30]} 33. bxc3 {[%clk
1:30:30]} Rd6 {[%clk 1:30:30]} 34. Rd4 {[%clk 1:30:30]} Qf3 {[%clk 1:30:30]} 35.
Rd3 {[%clk 1:30:30]} Qh1+ {[%clk 1:30:30]} 36. Qd1 {[%clk 1:30:30]} Qe4 {[%clk
1:30:30]} 37. Kc1 {[%clk 1:30:30]} Qc4 {[%clk 1:30:30]} 38. Qf3 {[%clk 1:30:30]}
f4 {[%clk 1:30:30]} 39. Rd4 {[%clk 1:30:30]} Qb3 {[%clk 1:30:30]} 40. Qd3 {[%clk
1:30:30]} Rb6 {[%clk 1:30:30]} 41. Kd2 {[%clk 1:30:30]} Qa2+ {[%clk 1:30:30]} 42.
Kc1 {[%clk 1:30:30]} Qa1+ {[%clk 1:30:30]} 43. Kd2 {[%clk 1:30:30]} Rb2+ {[%clk
1:30:30]} 44. Qc2 {[%clk 1:30:30]} Rxc2+ {[%clk 1:30:30]} 45. Kxc2 {[%clk
1:30:30]} Qf1 {[%clk 1:30:30]} 46. Rd2 {[%clk 1:30:30]} Qxh3 {[%clk 1:30:30]} 47.
c4 {[%clk 1:30:30]} Qf5+ {[%clk 1:30:30]} 48. Kc3 {[%clk 1:30:30]} g4 {[%clk
1:30:30]} 49. d6 {[%clk 1:30:30]} Kc8 {[%clk 1:30:30]} 50. Rd3 {[%clk 1:30:30]}
g3 {[%clk 1:30:30]} 51. fxg3 {[%clk 1:30:30]} fxg3 {[%clk 1:30:30]} 52. Rd2
{[%clk 1:30:30]} Qf3+ {[%clk 1:30:30]} 53. Kc2 {[%clk 1:30:30]} g2 {[%clk
1:30:30]} 54. d7+ {[%clk 1:30:30]} Kd8 {[%clk 1:30:30]} 55. Rxg2 {[%clk 1:30:30]}
Qxg2+ {[%clk 1:30:30]} 56. Kd3 {[%clk 1:30:30]} Kxd7 {[%clk 1:30:30]} 57. c5
{[%clk 1:30:30]} Kc6 {[%clk 1:30:30]} 58. Kd4 {[%clk 1:30:30]} Qd5+ {[%clk
1:30:30]} 59. Ke3 {[%clk 1:30:30]} Kxc5 {[%clk 1:30:30]} 60. Kf4 {[%clk 1:30:30]}
Kd4 {[%clk 1:30:30]} 0-1

[Event "Irena Warakomska Memorial B"]
[Site "Suwalki"]
[Date "2018.08.08"]
[Round "9"]
[White "Sapeta, Robert"]
[Black "Bien, Janusz"]
[Result "1-0"]
[Board "18"]
[WhiteElo "1960"]
[WhiteCountry "POL"]
[WhiteFideId "1118676"]
[WhiteEloChange "10"]
[BlackElo "1976"]
[BlackCountry "POL"]
[BlackFideId "1137921"]
[BlackEloChange "-10"]

1. c4 {[%clk 1:30:30]} Nf6 {[%clk 1:30:30]} 2. Nc3 {[%clk 1:30:30]} d6 {[%clk
1:30:30]} 3. d4 {[%clk 1:30:30]} e5 {[%clk 1:30:30]} 4. Nf3 {[%clk 1:30:30]} Nbd7
{[%clk 1:30:30]} 5. e4 {[%clk 1:30:30]} c6 {[%clk 1:30:30]} 6. Be2 {[%clk
1:30:30]} Be7 {[%clk 1:30:30]} 7. O-O {[%clk 1:30:30]} O-O {[%clk 1:30:30]} 8.
Qc2 {[%clk 1:30:30]} Qc7 {[%clk 1:30:30]} 9. Bg5 {[%clk 1:30:30]} Re8 {[%clk
1:30:30]} 10. d5 {[%clk 1:30:30]} Nf8 {[%clk 1:30:30]} 11. Nd2 {[%clk 1:30:30]}
Nxd5 {[%clk 1:30:30]} 12. Nxd5 {[%clk 1:30:30]} cxd5 {[%clk 1:30:30]} 13. Bxe7
{[%clk 1:30:30]} Rxe7 {[%clk 1:30:30]} 14. exd5 {[%clk 1:30:30]} f5 {[%clk
1:30:30]} 15. b4 {[%clk 1:30:30]} b6 {[%clk 1:30:30]} 16. Nb3 {[%clk 1:30:30]}
Bd7 {[%clk 1:30:30]} 17. a4 {[%clk 1:30:30]} g6 {[%clk 1:30:30]} 18. Qd2 {[%clk
1:30:30]} f4 {[%clk 1:30:30]} 19. Rfc1 {[%clk 1:30:30]} Be8 {[%clk 1:30:30]} 20.
a5 {[%clk 1:30:30]} Qd8 {[%clk 1:30:30]} 21. c5 {[%clk 1:30:30]} bxc5 {[%clk
1:30:30]} 22. bxc5 {[%clk 1:30:30]} Bf7 {[%clk 1:30:30]} 23. c6 {[%clk 1:30:30]}
Rb8 {[%clk 1:30:30]} 24. Nc5 {[%clk 1:30:30]} h6 {[%clk 1:30:30]} 25. Na6 {[%clk
1:30:30]} Rc8 {[%clk 1:30:30]} 26. Rab1 {[%clk 1:30:30]} Nh7 {[%clk 1:30:30]} 27.
Bg4 {[%clk 1:30:30]} Kg7 {[%clk 1:30:30]} 28. Rb7 {[%clk 1:30:30]} Rec7 {[%clk
1:30:30]} 29. Bxc8 {[%clk 1:30:30]} Rxc8 {[%clk 1:30:30]} 30. c7 {[%clk 1:30:30]}
Qd7 {[%clk 1:30:30]} 31. Rb8 {[%clk 1:30:30]} Ng5 {[%clk 1:30:30]} 32. f3 {[%clk
1:30:30]} e4 {[%clk 1:30:30]} 33. Qb2+ {[%clk 1:30:30]} Kh7 {[%clk 1:30:30]} 34.
Rxc8 {[%clk 1:30:30]} Qxc8 {[%clk 1:30:30]} 35. Qb8 {[%clk 1:30:30]} 1-0

[Event "Irena Warakomska Memorial B"]
[Site "Suwalki"]
[Date "2018.08.08"]
[Round "9"]
[White "Kaminski, Maciej"]
[Black "Duda, Lukasz"]
[Result "1-0"]
[Board "20"]
[WhiteElo "1919"]
[WhiteCountry "POL"]
[WhiteFideId "1175521"]
[WhiteEloChange "17"]
[BlackElo "2201"]
[BlackCountry "POL"]
[BlackFideId "1119699"]
[BlackEloChange "-17"]

1. e4 {[%clk 1:30:30]} e5 {[%clk 1:30:30]} 2. Nf3 {[%clk 1:30:30]} Nc6 {[%clk
1:30:30]} 3. Bb5 {[%clk 1:30:30]} a6 {[%clk 1:30:30]} 4. Ba4 {[%clk 1:30:30]} Nf6
{[%clk 1:30:30]} 5. O-O {[%clk 1:30:30]} Nxe4 {[%clk 1:30:30]} 6. d4 {[%clk
1:30:30]} b5 {[%clk 1:30:30]} 7. Bb3 {[%clk 1:30:30]} d5 {[%clk 1:30:30]} 8. dxe5
{[%clk 1:30:30]} Be6 {[%clk 1:30:30]} 9. Nbd2 {[%clk 1:30:30]} Nc5 {[%clk
1:30:30]} 10. c3 {[%clk 1:30:30]} Be7 {[%clk 1:30:30]} 11. Bc2 {[%clk 1:30:30]}
Bg4 {[%clk 1:30:30]} 12. Re1 {[%clk 1:30:30]} O-O {[%clk 1:30:30]} 13. Nb3 {[%clk
1:30:30]} Bh5 {[%clk 1:30:30]} 14. Bxh7+ {[%clk 1:30:30]} Kxh7 {[%clk 1:30:30]}
15. Ng5+ {[%clk 1:30:30]} Bxg5 {[%clk 1:30:30]} 16. Qxh5+ {[%clk 1:30:30]} Bh6
{[%clk 1:30:30]} 17. Nxc5 {[%clk 1:30:30]} Qe7 {[%clk 1:30:30]} 18. Bxh6 {[%clk
1:30:30]} gxh6 {[%clk 1:30:30]} 19. Qf5+ {[%clk 1:30:30]} Kh8 {[%clk 1:30:30]}
20. Nd7 {[%clk 1:30:30]} Rg8 {[%clk 1:30:30]} 21. Nf6 {[%clk 1:30:30]} Rg7 {[%clk
1:30:30]} 22. Qh5 {[%clk 1:30:30]} Rg6 {[%clk 1:30:30]} 23. Nxd5 {[%clk 1:30:30]}
Qg5 {[%clk 1:30:30]} 24. Qxg5 {[%clk 1:30:30]} Rxg5 {[%clk 1:30:30]} 25. f4
{[%clk 1:30:30]} Rg4 {[%clk 1:30:30]} 26. Nxc7 {[%clk 1:30:30]} Rag8 {[%clk
1:30:30]} 27. g3 {[%clk 1:30:30]} Rxf4 {[%clk 1:30:30]} 28. e6 {[%clk 1:30:30]}
Ne7 {[%clk 1:30:30]} 29. Rf1 {[%clk 1:30:30]} Rxf1+ {[%clk 1:30:30]} 30. Rxf1
{[%clk 1:30:30]} fxe6 {[%clk 1:30:30]} 31. Rf6 {[%clk 1:30:30]} Rg6 {[%clk
1:30:30]} 32. Rxg6 {[%clk 1:30:30]} Nxg6 {[%clk 1:30:30]} 33. Nxe6 {[%clk
1:30:30]} Ne5 {[%clk 1:30:30]} 34. Nc5 {[%clk 1:30:30]} Nc4 {[%clk 1:30:30]} 35.
b3 {[%clk 1:30:30]} Ne3 {[%clk 1:30:30]} 36. Ne6 {[%clk 1:30:30]} Nd5 {[%clk
1:30:30]} 37. c4 {[%clk 1:30:30]} bxc4 {[%clk 1:30:30]} 38. bxc4 {[%clk 1:30:30]}
Nb4 {[%clk 1:30:30]} 39. a3 {[%clk 1:30:30]} Nc6 {[%clk 1:30:30]} 40. Kf2 {[%clk
1:30:30]} Kg8 {[%clk 1:30:30]} 41. Ke3 {[%clk 1:30:30]} Kf7 {[%clk 1:30:30]} 42.
Nd4 {[%clk 1:30:30]} Ne5 {[%clk 1:30:30]} 43. c5 {[%clk 1:30:30]} Nc4+ {[%clk
1:30:30]} 44. Ke4 {[%clk 1:30:30]} Nxa3 {[%clk 1:30:30]} 45. Kd5 {[%clk 1:30:30]}
Ke7 {[%clk 1:30:30]} 46. Nf5+ {[%clk 1:30:30]} 1-0